Lake Erie/Huron Quiz Stats

 Plays Quiz not verified by Sporcle

Score 0/13 Timer 06:00
0 Plays Today
Hint Answer % Correct
The second easternmost Great LakeLake Erie
96.2%
The third easternmost Great LakeLake Huron
93.7%
The highest populated metropolitan area on Lake ErieCleveland, Ohio
92.4%
The large lake in between Erie and HuronLake St. Clair
68.4%
The highest populated metropolitan area on the lake mentioned aboveDetroit, Michigan
68.4%
The southernmost inhabited island in Canada and the largest island in Lake EriePelee Island
57%
The largest bay bordering Lake HuronGeorgian Bay
54.4%
The Bay which Bay City, Michigan is named afterSaginaw Bay
54.4%
The highest populated metropolitan area on Lake HuronSarnia, Ontario
43%
The only city on Lake Huron or Lake Erie to have hosted the World's FairBuffalo, New York
43%
One of the two towns which connect Lake Huron and Lake MichiganSt. Ignance, Michigan and Mackinaw City, Michigan
32.9%
The highest populated metropolitan area on the bay mentioned previouslyOwen Sound, Ontario
26.6%
The southernmost point/island in CanadaMiddle Island
21.5%

You're not logged in!

Compare scores with friends on all Sporcle quizzes.
OR
Log In

Show Comments

Extras

Top Quizzes Today


Score Distribution

Your Account Isn't Verified!

In order to create a playlist on Sporcle, you need to verify the email address you used during registration. Go to your Sporcle Settings to finish the process.

Report this User

Report this user for behavior that violates our Community Guidelines.

Details: